| 000 | 00989cam a2200265 a 4500 | ||
|---|---|---|---|
| 001 | 000012365 | ||
| 005 | 20200929163019.0 | ||
| 008 | 920915s1991 mx ab bs f000 0 spa d | ||
| 020 | _a9682934850 | ||
| 035 | _a(DLC) 92215153 | ||
| 040 |
_aDO-SdBNP _cDLC _dDLC _dBNPHU |
||
| 082 |
_a370.197274 _bA283p |
||
| 100 | 1 |
_aAguilar, Iñigo. _929051 |
|
| 245 | 1 | 3 |
_aEl problema de la educación indígena : _bel caso del estado de Oaxaca / _cIñigo Aguilar. |
| 260 |
_aMéxico : _bInstituto Nacional de Antropología e Historia, _c1991. |
||
| 300 |
_a3 v. : _bil., maps ; _c27 cm. |
||
| 490 | 1 |
_aCientífica _v235-237 _aSerie Antropología social |
|
| 500 | _aLa biblioteca posee el tomo 3. | ||
| 504 | _aIncluye referencias bibliográficas. | ||
| 650 | 4 |
_aEducación _zMéxico _zOaxaca _xEstadísticas. _929052 |
|
| 650 | 4 |
_aSociología de la educación _97856 |
|
| 830 | 0 |
_aCientífica ; _v235-237. _pSerie Antropología social _929053 |
|
| 910 | _aCatalogación por copia / LC | ||
| 049 | _aBNGR | ||
| 999 |
_c12022 _d12022 |
||